000 00771nam a2200229Ii 4500
003 JO-AjNU
008 230605s9999||||xx |||||||||||||| ||und||
017 _a2009/12/5376
020 _a978-9957-32-489-6
040 _aJO-AjNU
_bara
_erda
_cJO-AjNU
041 _aara
050 1 4 _aQA76.9.A25.T42 2010
100 3 _aالطيطي، خضر مصباح اسماعيل,
_eauthor
_962147
245 0 0 _aاساسيات امن المعلومات والحاسوب
250 _aط1
264 3 1 _aعمان: دار الحامد للنشر والتوزيع، 2009
300 _a420ص
336 _atext
_btxt
_2rdacontent
337 _aunmediated
_bn
_2rdamedia
338 _avolume
_bnc
_2rdacarrier
650 4 _aامن الحاسوب-الجرائم الحاسوبية
_962148
999 _aA28128
_c31696
_d31696